| 000 | 00626nam a22001817a 4500 | ||
|---|---|---|---|
| 003 | OSt | ||
| 005 | 20251106045119.0 | ||
| 008 | 251106b |||||||| |||| 00| 0 eng d | ||
| 020 | _a978-971-06-5927-2 | ||
| 040 |
_aDWCL-Main Lib _cOC |
||
| 082 |
_210th _aRes. 800 L313e 2023 |
||
| 100 | _aLapid, Milagros G. | ||
| 245 |
_aECAS 10 : _benglish communication arts and skills through world literature / _cMilagros G. Lapid |
||
| 260 |
_aQuezon City, Philippines : _bPhoenix Publishing House, _cc2023. |
||
| 300 |
_axv, 254 pages : _billustrations ; _c25 cm. |
||
| 650 | _a1. World literature | ||
| 942 |
_2ddc _cBK-0 CIRC _e10th _mRes. _n0 |
||
| 999 |
_c5564 _d5564 |
||